Liverpool 2020s Champions League Scorers - Statistics

General Stats
  • This quiz has been taken 77 times
  • The average score is 20 of 24
Answer Stats
Goals Nationality Player % Correct
6 Colombian Luis Diaz
100%
29 Egyptian Mohamed Salah
100%
8 Brazilian Roberto Firmino
100%
10 Senegalese Sadio Mane
100%
1 Scottish Andy Robertson
99%
1 Dutch Virgil Van Dijk
99%
5 Portuguese Diogo Jota
97%
1 Hungarian Dominik Szoboszlai
97%
3 Dutch Cody Gakpo
96%
5 Uruguayan Darwin Nunez
96%
2 Argentine Alexis Mac Allister
95%
1 English Trent Alexander-Arnold
91%
1 English Jordan Henderson
88%
1 Cameroonian Joel Matip
86%
2 Guinean Naby Keita
86%
3 French Ibrahima Konate
85%
1 English Curtis Jones
76%
2 Dutch Georginio Wijnaldum
76%
5 English Harvey Elliott
73%
1 Belgian Divock Origi
70%
1 Brazilian Fabinho
69%
1 Spanish Thiago Alcantara
68%
1 Croatian Dejan Lovren
65%
3 English Alex Oxlade-Chamberlain
34%
No matching quizzes found
Score Distribution
Percent of People with Each Score
Percentile by Number Answered
Your Score History
You have not taken this quiz